Pulkovo Airport Destinations (Saint Petersburg, Russia) - Statistics

General Stats
  • This quiz has been taken 58 times
    24 since last reset
  • The average score is 56 of 109
Answer Stats
Airline Destination % Correct
S7 Airlines/Smartavia/Ural Airlines Moscow (Domodedovo)
100%
Aeroflot/Nordwind Airlines/Pobeda/Rossiya Airlines/Smartavia Moscow (Sheremetyevo)
100%
Alrosa/Azimuth/Pobeda/Rossiya Airlines/Utair Moscow (Vnukovo)
100%
Hainan Airlines Beijing (Capital)
95%
Rossiya Airlines/Turkish Airlines Istanbul
95%
AJet/Pegasus Airlines Istanbul (Sabiha Gokcen)
95%
Nordwind Airlines/Rossiya Airlines/Smartavia Kazan
95%
Rossiya Airlines Almaty
89%
Pegasus Airlines/Rossiya Airlines/Southwind Airlines/Turkish Airlines Antalya
89%
SCAT Airlines Astana
89%
Avia Traffic Company Bishkek
89%
Rossiya Airlines Dubai (Al Maktoum)
89%
Aeroflot/Emirates/flydubai Dubai (International)
89%
Rossiya Airlines/S7 Airlines Irkutsk
89%
Belavia Minsk
89%
Nordwind Airlines/Rossiya Airlines Omsk
89%
China Eastern Airlines Shanghai (Pudong)
89%
Rossiya Airlines/Uzbekistan Airways Tashkent
89%
FlyOne Armenia/Rossiya Airlines/Utair Yerevan
89%
Somon Air/Ural Airlines Dushanbe
84%
Azimuth/Georgian Airways/Red Wing Airlines Tbilisi
84%
Mahan Air/Meraj Airlines/Nordwind Airlines Tehran (Imam Khomeini)
84%
Utair Baku
79%
Rossiya Airlines/Smartavia Murmansk
79%
Rossiya Airlines/Smartavia Nizhny Novgorod
79%
Pobeda/Rossiya Airlines/Smartavia Perm
79%
Aeroflot/Pobeda Vladivostok
79%
Pobeda/Rossiya Airlines/Smartavia/Ural Airlines Yekaterinburg
79%
Air Serbia Belgrade
74%
Qanot Sharq/Uzbekistan Airways Bukhara
74%
Pobeda/Rossiya Airlines/Smartavia Chelyabinsk
74%
Nordwind Airlines/Pobeda/Rossiya Airlines/Smartavia/Ural Airlines Kaliningrad
74%
NordStar/Rossiya Airlines Krasnoyarsk
74%
Rossiya Airlines/S7 Airlines/Smartavia Novosibirsk
74%
Aeroflot/Air Cairo/AlMasria Universal Airlines Sharm El Sheikh
74%
Nordwind Airlines/Rossiya Airlines/Smartavia/Ural Airlines Sochi
74%
Nordwind Airlines/Rossiya Airlines/Smartavia Ufa
74%
Pobeda/Rossiya Airlines/Smartavia Volgograd
74%
Yakutia Airlines Yakutsk
74%
Rossiya Airlines Grozny
68%
Nordwind Airlines/Pobeda/Rossiya Airlines/Smartavia Samara
68%
Red Wings Airlines Tel Aviv
68%
Nordwind Airlines Tomsk
68%
Aeroflot Bangkok (Suvarnabhumi)
63%
Red Wings Airlines Batumi
63%
Turkish Airlines Bodrum
63%
Sichuan Airlines Chengdu (Tianfu)
63%
Turkish Airlines Dalaman
63%
Aeroflot/AlMasria Universal Airlines Hurghada
63%
Belavia Brest
58%
Pobeda/Rossiya Airlines Makhachkala
58%
Nordwind Airlines/Rossiya Airlines/Smartavia Tyumen
58%
Rossiya Airlines/Smartavia Mineralnye Vody
53%
Nordwind Airlines/Rossiya Airlines/Smartavia Orenburg
53%
Aeroflot/Azur Air/Ikar Phuket
53%
Pobeda Saratov
53%
Pobeda Astrakhan
47%
Izhavia Izhevsk
47%
Tunisair Monastir
47%
NordStar Norilsk
47%
Avia Traffic Company/Ural Airlines Osh
47%
Uzbekistan Airways Urgench
47%
Uzbekistan Airways Fergana
42%
Qanot Sharq/Uzbekistan Airways Namangan
42%
Qanot Sharq/Rossiya Airlines/Utair/Uzbekistan Airways Samarqand
42%
Severstal Air Company Cherepovets
37%
Kostroma Air Enterprise Kostroma
37%
Nordwind Airlines Barnaul
32%
Yamal Airlines Novy Urengoy
32%
Ikar Orsk
32%
Rossiya Airlines Penza
32%
Rossiya Airlines/Smartavia Syktyvkar
32%
Vologda Aviation Enterprise Vologda
32%
NordStar Abakan
26%
Pobeda Cheboksary
26%
Azimuth/Red Wing Airlines Kaluga
26%
Pobeda Kirov
26%
Nordwind Airlines Magnitogorsk
26%
Rossiya Airlines Nizhnevartovsk
26%
Pobeda Stavropol
26%
Rossiya Airlines/Utair Surgut
26%
Ikar Ivanovo
21%
RusLine Khanty-Mansiysk
21%
Ikar Kurgan
21%
Pobeda Nizhnekamsk
21%
Azimuth/Ikar Saransk
21%
RusLine Tambov
21%
Uzbekistan Airways Termez
21%
Azur Air Colombo (Bandaranaike)
16%
Nordwind Airlines Kemerovo
16%
Somon Air/Ural Airlines Khujand
16%
Ural Airlines Kulob
16%
Nordwind Airlines Novokuznetsk
16%
Yamal Airlines Salekhard
16%
Pobeda Ulyanovsk
16%
RusLine Yaroslavl
16%
Rossiya Airlines/Severstal Air Company Apatity/Kirovsk
11%
Rossiya Airlines/Smartavia Arkangelsk (Talagi)
11%
Rossiya Airlines Gorno-Altaysk
11%
Belavia Homiel
11%
Aeroflot Sanya
11%
Severstal Air Company Ukhta
11%
RusLine Yoshkar-Ola
11%
Yamal Airlines Nadym
5%
RusLine Naryan-Mar
5%
Severstal Air Company Sovetsky
5%
Yamal Airlines Noyabrsk
0%
Uzbekistan Airways Qarshi
0%
UVT Aero Tobolsk
0%
No matching quizzes found
Score Distribution
Percent of People with Each Score
Percentile by Number Answered
Your Score History
You have not taken this quiz since the last reset